| 000 | 00411nam a22001337a 4500 | ||
|---|---|---|---|
| 008 | 241108b xxu||||| |||| 00| 0 eng d | ||
| 020 | _a978-0-553-84007-0 | ||
| 082 |
_a125.4 _bGOL 2020 |
||
| 245 |
_aEmotional Intelligence : _bwhy it can matter more than IQ _cGoleman, Daniel |
||
| 250 | _a25th Anniversary Ed. | ||
| 260 |
_aNew York, _bBantam Books _c2020 |
||
| 300 |
_axxx, 497p _bIncludes Index |
||
| 942 |
_2ddc _cBK |
||
| 999 |
_c4041 _d4041 |
||